[Event "Rakovnik Regional-chT 1415"]
[Site "Rakovnik"]
[Date "2015.01.18"]
[Round "6.7"]
[White "Zamboch, Roman"]
[Black "Forman, Miroslav"]
[Result "1-0"]
[WhiteElo "2011"]
[BlackElo "1892"]
[PlyCount "59"]
[EventDate "2014.10.19"]
[EventType "team-tourn"]
[EventRounds "11"]
[EventCountry "CZE"]
[SourceTitle "EXT 2016"]
[Source "ChessBase"]
[SourceDate "2015.10.08"]
[SourceVersion "1"]
[SourceVersionDate "2015.10.08"]
[SourceQuality "1"]
[WhiteTeam "Kralupy nad Vltavou"]
[BlackTeam "Kostelec nad CL"]
[WhiteTeamCountry "CZE"]
[BlackTeamCountry "CZE"]

1. d4 d5 2. c4 Nc6 3. Nf3 Bg4 4. e3 e5 5. dxe5 Bb4+ 6. Bd2 Bxd2+ 7. Nbxd2 Nge7 8. cxd5 Nxd5 9. Bb5 0-0 10. Bxc6 bxc6 11. Qa4 Bd7 12. 0-0 Qe7 13. Rfc1 Rfb8 14. Qc2 Nb4 15. Qc3 Nd5 16. Qd4 Rb4 17. Rc4 a5 18. a3 Rb6 19. Rac1 Rab8 20. R1c2 Qe8 21. g3 Ne7 22. e4 Nc8 23. Rc5 Na7 24. Nc4 Rd8 25. Rd2 Rb3 26. e6 fxe6 27. Nfe5 Nb5 28. Rxb5 cxb5 29. Nxa5 c5 30. Qd6 1-0

[Event "Rakovnik Regional-chT 1415"]
[Site "Rakovnik"]
[Date "2014.11.23"]
[Round "3.7"]
[White "Forman, Miroslav"]
[Black "Otruba, Pavel"]
[Result "0-1"]
[WhiteElo "1892"]
[BlackElo "2013"]
[PlyCount "94"]
[EventDate "2014.10.19"]
[EventType "team-tourn"]
[EventRounds "11"]
[EventCountry "CZE"]
[SourceTitle "EXT 2016"]
[Source "ChessBase"]
[SourceDate "2015.10.08"]
[SourceVersion "1"]
[SourceVersionDate "2015.10.08"]
[SourceQuality "1"]
[WhiteTeam "Kostelec nad CL"]
[BlackTeam "Uholicky"]
[WhiteTeamCountry "CZE"]
[BlackTeamCountry "CZE"]

1. d4 d5 2. Bg5 c6 3. c3 Bf5 4. Nd2 Qb6 5. Qb3 Nd7 6. Ngf3 Ngf6 7. Bxf6 gxf6 8. Nh4 Bg4 9. f3 Bh5 10. g4 Bg6 11. f4 h5 12. Nxg6 fxg6 13. Qc2 Kf7 14. gxh5 Rxh5 15. e3 e6 16. Be2 Rh3 17. Nf3 Be7 18. 0-0-0 Rah8 19. Rhg1 R8h6 20. Rdf1 f5 21. Rf2 Qa5 22. Kb1 b5 23. Bf1 R3h5 24. Rfg2 Bf6 25. Rg3 Qd8 26. Be2 Rh3 27. R3g2 Qe7 28. Qd1 b4 29. Qa4 bxc3 30. bxc3 c5 31. Qxa7 c4 32. Bd1 Nf8 33. Qa6 Rh7 34. Rb2 Kg8 35. Rb8 Rg7 36. Rg2 Rh8 37. Qc6 Kh7 38. Rgb2 Qa3 39. Kc2 Ra7 40. Kd2 Kh6 41. h4 Rhh7 42. Qe8 Be7 43. h5 Ra8 44. Ne5 Qxb2+ 45. Rxb2 Rxe8 46. Ke1 gxh5 47. Rh2 h4 0-1

[Event "Ricany op-A"]
[Site "Ricany"]
[Date "2014.08.27"]
[Round "6"]
[White "Vavrinec, Tomas"]
[Black "Forman, Miroslav"]
[Result "1-0"]
[WhiteElo "2044"]
[BlackElo "1926"]
[PlyCount "61"]
[EventDate "2014.08.23"]
[EventType "swiss"]
[EventRounds "9"]
[EventCountry "CZE"]
[SourceTitle "EXT 2015"]
[Source "ChessBase"]
[SourceDate "2014.11.20"]
[SourceVersion "1"]
[SourceVersionDate "2014.11.20"]
[SourceQuality "1"]

1. d4 Nf6 2. Nf3 c6 3. g3 d6 4. Bg2 Bg4 5. 0-0 Nbd7 6. c4 e5 7. Nc3 Be7 8. e4 0-0 9. Be3 exd4 10. Qxd4 Bxf3 11. Bxf3 Ne5 12. Be2 Nfg4 13. Bf4 Bf6 14. Qd1 g5 15. Bd2 Qd7 16. f3 Nh6 17. Qc1 Qe7 18. h4 gxh4 19. Bxh6 hxg3 20. Bxf8 Rxf8 21. Qh6 Ng6 22. f4 Nh4 23. e5 dxe5 24. Ne4 Bg7 25. Qg5 Qxg5 26. fxg5 f5 27. gxf6 Bh6 28. Nxg3 Be3+ 29. Kh1 Bf4 30. Ne4 Nf5 31. Rad1 1-0

[Event "Ricany op-A"]
[Site "Ricany"]
[Date "2014.08.25"]
[Round "4"]
[White "Kohout, Vratislav"]
[Black "Forman, Miroslav"]
[Result "1-0"]
[WhiteElo "2119"]
[BlackElo "1926"]
[PlyCount "131"]
[EventDate "2014.08.23"]
[EventType "swiss"]
[EventRounds "9"]
[EventCountry "CZE"]
[SourceTitle "EXT 2015"]
[Source "ChessBase"]
[SourceDate "2014.11.20"]
[SourceVersion "1"]
[SourceVersionDate "2014.11.20"]
[SourceQuality "1"]

1. d4 Nf6 2. Nf3 c6 3. Bf4 d6 4. c4 Bg4 5. Nc3 Qa5 6. Qb3 b6 7. e3 Bxf3 8. gxf3 e5 9. dxe5 dxe5 10. Bg3 Bb4 11. Bxe5 Nbd7 12. Bd4 c5 13. Bxf6 Nxf6 14. Rc1 0-0 15. a3 Bxc3+ 16. Qxc3 Qxc3+ 17. Rxc3 Rad8 18. Rd3 Nd7 19. Be2 Ne5 20. Rd5 f6 21. 0-0 Rxd5 22. cxd5 g5 23. Kg2 Rd8 24. Rd1 Rd6 25. Kg3 Ng6 26. Kg4 Ne7 27. f4 h6 28. fxg5 hxg5 29. h4 gxh4 30. Kxh4 Kg7 31. e4 f5 32. f3 Kf6 33. Kg3 fxe4 34. fxe4 Ke5 35. Kf3 Ng6 36. Ke3 Nf4 37. Bf3 b5 38. Rg1 Rg6 39. Rxg6 Nxg6 40. Be2 b4 41. a4 Kd6 42. a5 Ne5 43. b3 Nf7 44. Kf4 Ne5 45. Kf5 Nd7 46. Bb5 Ne5 47. Kf4 Ng6+ 48. Kg5 Ne5 49. Kf5 Nf7 50. Kf6 Ne5 51. Be2 Nd7+ 52. Kf7 Ne5+ 53. Kf6 Nd7+ 54. Kf5 Ne5 55. Bb5 Nf3 56. Kf6 Ne5 57. Be8 Nf3 58. Bh5 Ne5 59. Be2 Nd7+ 60. Kf7 Ne5+ 61. Ke8 Ng6 62. Kd8 Ke5 63. Kc7 Nf4 64. Bc4 Nh5 65. d6 Nf6 66. d7 1-0

[Event "Ricany op"]
[Site "Ricany"]
[Date "2013.08.31"]
[Round "9"]
[White "Rihova, Kamila"]
[Black "Forman, Miroslav"]
[Result "1/2-1/2"]
[WhiteElo "1687"]
[BlackElo "1925"]
[PlyCount "62"]
[EventDate "2013.08.24"]
[EventType "swiss"]
[EventRounds "9"]
[EventCountry "CZE"]
[SourceTitle "EXT 2022"]
[Source "ChessBase"]
[SourceDate "2021.10.06"]
[SourceVersion "1"]
[SourceVersionDate "2021.10.06"]
[SourceQuality "1"]

1. e4 e6 2. d4 c5 3. c3 Nf6 4. Bd3 Nc6 5. Ne2 Qb6 6. Bc2 cxd4 7. cxd4 Nb4 8. 0-0 Nxc2 9. Qxc2 d6 10. Nbc3 Bd7 11. h3 Rc8 12. Qd3 Bc6 13. Rb1 Be7 14. Be3 d5 15. e5 Ne4 16. f3 Nxc3 17. Nxc3 0-0 18. f4 a6 19. f5 Bb5 20. Nxb5 Qxb5 21. Qxb5 axb5 22. fxe6 fxe6 23. Rxf8+ Kxf8 24. Rc1 Rc6 25. Kf2 Kf7 26. Kf3 h5 27. g4 g6 28. Bd2 Rc4 29. Be3 Bb4 30. Ke2 Rxc1 31. Bxc1 hxg4 1/2-1/2

[Event "Ricany op"]
[Site "Ricany"]
[Date "2013.08.30"]
[Round "8"]
[White "Forman, Miroslav"]
[Black "Trochta, Vojtech"]
[Result "1-0"]
[WhiteElo "1925"]
[BlackElo "1724"]
[PlyCount "67"]
[EventDate "2013.08.24"]
[EventType "swiss"]
[EventRounds "9"]
[EventCountry "CZE"]
[SourceTitle "EXT 2022"]
[Source "ChessBase"]
[SourceDate "2021.10.06"]
[SourceVersion "1"]
[SourceVersionDate "2021.10.06"]
[SourceQuality "1"]

1. Nf3 d5 2. c4 c6 3. e3 Bg4 4. cxd5 cxd5 5. Qa4+ Bd7 6. Qb3 Bc6 7. Nc3 e6 8. d4 Nf6 9. Bd3 Nbd7 10. Bd2 Be7 11. g4 h5 12. gxh5 Rxh5 13. 0-0-0 Ne4 14. Be1 a6 15. Kb1 b5 16. Ne2 Nb6 17. Ne5 Rc8 18. Nf4 Rh8 19. Bxe4 dxe4 20. Ba5 g5 21. Nxe6 Qd5 22. Bxb6 Qxb3 23. axb3 fxe6 24. Rc1 Bd7 25. Rxc8+ Bxc8 26. Bc7 Bb7 27. Ng6 Rg8 28. Nxe7 Kxe7 29. Rg1 Kf7 30. Be5 Bd5 31. Rg4 Kg6 32. Ka2 Kh5 33. Rg1 Rf8 34. Rg2 1-0

[Event "Ricany op"]
[Site "Ricany"]
[Date "2013.08.28"]
[Round "6"]
[White "Zavurkova, Monika"]
[Black "Forman, Miroslav"]
[Result "1/2-1/2"]
[WhiteElo "1758"]
[BlackElo "1925"]
[PlyCount "25"]
[EventDate "2013.08.24"]
[EventType "swiss"]
[EventRounds "9"]
[EventCountry "CZE"]
[SourceTitle "EXT 2022"]
[Source "ChessBase"]
[SourceDate "2021.10.06"]
[SourceVersion "1"]
[SourceVersionDate "2021.10.06"]
[SourceQuality "1"]

1. Nf3 g6 2. d4 Nf6 3. c4 c5 4. Bg5 Ne4 5. Bf4 Bg7 6. e3 d5 7. cxd5 cxd4 8. Bb5+ Nd7 9. exd4 Qa5+ 10. Nc3 Nxc3 11. Bxd7+ Bxd7 12. bxc3 Bb5 13. Qb3 1/2-1/2

[Event "Ricany op"]
[Site "Ricany"]
[Date "2013.08.25"]
[Round "2"]
[White "Skvaril, Michal"]
[Black "Forman, Miroslav"]
[Result "1/2-1/2"]
[WhiteElo "1708"]
[BlackElo "1925"]
[PlyCount "39"]
[EventDate "2013.08.24"]
[EventType "swiss"]
[EventRounds "9"]
[EventCountry "CZE"]
[SourceTitle "EXT 2022"]
[Source "ChessBase"]
[SourceDate "2021.10.06"]
[SourceVersion "1"]
[SourceVersionDate "2021.10.06"]
[SourceQuality "1"]

1. e4 Nc6 2. Nf3 g5 3. h3 g4 4. hxg4 d5 5. exd5 Qxd5 6. Nc3 Qa5 7. d4 Bxg4 8. Bb5 0-0-0 9. Bxc6 bxc6 10. Be3 e5 11. Qd2 Bxf3 12. gxf3 exd4 13. Bxd4 Bg7 14. 0-0-0 Rxd4 15. Qe3 Rxd1+ 16. Rxd1 Bh6 17. f4 Nf6 18. Qh3+ Kb7 19. Qxh6 Qf5 20. Qg5 1/2-1/2

[Event "Ricany op"]
[Site "Ricany"]
[Date "2010.08.25"]
[Round "6"]
[White "Voracek, Zdenek"]
[Black "Forman, Miroslav"]
[Result "1-0"]
[WhiteElo "2056"]
[BlackElo "1891"]
[PlyCount "67"]
[EventDate "2010.08.21"]
[EventType "swiss"]
[EventRounds "9"]
[EventCountry "CZE"]
[SourceTitle "EXT 2022"]
[Source "ChessBase"]
[SourceDate "2021.10.06"]
[SourceVersion "1"]
[SourceVersionDate "2021.10.06"]
[SourceQuality "1"]

1. d4 d5 2. c4 c6 3. Nf3 Nf6 4. e3 e6 5. b3 Nbd7 6. Be2 Bd6 7. Bb2 0-0 8. 0-0 Qe7 9. Ne5 Ne8 10. Nd2 Ba3 11. Bxa3 Qxa3 12. Nd3 Qe7 13. f4 Nd6 14. Bf3 Nf6 15. Qc2 Nf5 16. Rfe1 h5 17. Ne5 g6 18. Qc3 c5 19. cxd5 cxd4 20. exd4 Nh4 21. dxe6 Nxf3+ 22. Ndxf3 Bxe6 23. Ng5 Nd5 24. Qg3 Qf6 25. Nxe6 Qxe6 26. Nc4 Qf6 27. Re5 Ne7 28. Rae1 Nf5 29. Qf2 b5 30. Nd2 Rfd8 31. d5 Nd6 32. Qd4 Kh7 33. Rxh5+ Kg7 34. Rh7+ 1-0

[Event "Ricany op"]
[Site "Ricany"]
[Date "2010.08.23"]
[Round "4"]
[White "Skacel, Jan"]
[Black "Forman, Miroslav"]
[Result "1-0"]
[WhiteElo "2073"]
[BlackElo "1891"]
[PlyCount "63"]
[EventDate "2010.08.21"]
[EventType "swiss"]
[EventRounds "9"]
[EventCountry "CZE"]
[SourceTitle "EXT 2022"]
[Source "ChessBase"]
[SourceDate "2021.10.06"]
[SourceVersion "1"]
[SourceVersionDate "2021.10.06"]
[SourceQuality "1"]

1. d4 Nc6 2. e4 e5 3. dxe5 Nxe5 4. Nf3 Nxf3+ 5. Qxf3 Qf6 6. Nc3 Qxf3 7. gxf3 c6 8. b3 g6 9. Bb2 Bg7 10. 0-0-0 b5 11. Kb1 a5 12. Nxb5 Bxb2 13. Nd6+ Ke7 14. Kxb2 Ba6 15. Rd2 Nf6 16. Bxa6 Rxa6 17. a4 Rd8 18. Rhd1 Ra7 19. Nc4 Rc8 20. Ne3 Ne8 21. f4 Nf6 22. f3 Nh5 23. f5 f6 24. fxg6 hxg6 25. Rg1 Kf7 26. Nc4 Rg8 27. Re1 Nf4 28. e5 f5 29. Rd4 Ne6 30. Rh4 Rg7 31. Rh8 Ke7 32. Nd6 1-0

[Event "Klatovy op-A"]
[Site "Klatovy"]
[Date "2007.07.07"]
[Round "8"]
[White "Jaros, Martin"]
[Black "Forman, Miroslav"]
[Result "1-0"]
[WhiteElo "2198"]
[BlackElo "2061"]
[PlyCount "37"]
[EventDate "2007.06.30"]
[EventType "swiss"]
[EventRounds "9"]
[EventCountry "CZE"]
[SourceTitle "CBM 119 Extra"]
[Source "ChessBase"]
[SourceDate "2007.09.04"]
[SourceVersion "1"]
[SourceVersionDate "2007.09.04"]
[SourceQuality "1"]

1. e4 c5 2. c3 e6 3. d4 cxd4 4. cxd4 Nf6 5. Nc3 Bb4 6. Bd3 d6 7. Nf3 0-0 8. 0-0 h6 9. Qe2 Nc6 10. e5 dxe5 11. dxe5 Nd7 12. Rd1 Bxc3 13. bxc3 Qa5 14. Qe4 f5 15. exf6 Nxf6 16. Qc4 Qh5 17. Ba3 Rf7 18. Bc2 Ng4 19. Qxc6 1-0

[Event "Klatovy op-A"]
[Site "Klatovy"]
[Date "2007.07.05"]
[Round "6"]
[White "Ondrejat, Miroslav"]
[Black "Forman, Miroslav"]
[Result "1/2-1/2"]
[WhiteElo "2114"]
[BlackElo "2061"]
[PlyCount "41"]
[EventDate "2007.06.30"]
[EventType "swiss"]
[EventRounds "9"]
[EventCountry "CZE"]
[SourceTitle "CBM 119 Extra"]
[Source "ChessBase"]
[SourceDate "2007.09.04"]
[SourceVersion "1"]
[SourceVersionDate "2007.09.04"]
[SourceQuality "1"]

1. f4 e5 2. e4 exf4 3. Nf3 Be7 4. Bc4 d6 5. 0-0 Nf6 6. Nc3 0-0 7. d3 Nc6 8. Bxf4 Ne5 9. Bb3 c6 10. Qe2 Bg4 11. Kh1 Nfd7 12. d4 Bxf3 13. gxf3 Ng6 14. Bg3 Nb6 15. f4 Re8 16. Qh5 Nh8 17. Rae1 Rc8 18. Ne2 d5 19. e5 g6 20. Qh3 f5 21. c3 1/2-1/2

[Event "Czechia KP-chTB 0607"]
[Site "Czech Republic"]
[Date "2007.03.04"]
[Round "9.8"]
[White "Vrkota, Milos"]
[Black "Forman, Miroslav"]
[Result "1-0"]
[WhiteElo "2074"]
[BlackElo "1953"]
[PlyCount "103"]
[EventDate "2006.10.29"]
[EventType "team"]
[EventRounds "11"]
[EventCountry "CZE"]
[SourceTitle "EXT 2008"]
[Source "ChessBase"]
[SourceDate "2007.11.25"]
[SourceVersion "1"]
[SourceVersionDate "2007.11.25"]
[SourceQuality "1"]
[WhiteTeam "Kutna Hora"]
[BlackTeam "Kostelec nad CL"]
[WhiteTeamCountry "CZE"]
[BlackTeamCountry "CZE"]

1. e4 Nf6 2. Nc3 d6 3. d4 c6 4. f4 Bg4 5. Nf3 e6 6. Bd3 Qb6 7. e5 Nd5 8. Nxd5 cxd5 9. c3 Nc6 10. Qe2 dxe5 11. fxe5 Be7 12. 0-0 a5 13. a4 0-0-0 14. Be3 f6 15. exf6 gxf6 16. Bb5 e5 17. Qd2 Rhg8 18. Rae1 Qc7 19. Bxc6 bxc6 20. dxe5 fxe5 21. Qd3 Kb7 22. Nd2 Bh4 23. Bf2 Bxf2+ 24. Rxf2 e4 25. Qe3 Rg7 26. Nb3 Rdg8 27. Kh1 Qb6 28. Nc5+ Ka7 29. Ref1 Bh5 30. b4 axb4 31. cxb4 Ka8 32. Rf8+ Be8 33. Rxg8 Rxg8 34. Qd4 Qd8 35. b5 Qg5 36. Qb2 e3 37. b6 Kb8 38. b7 Bh5 39. a5 Qd8 40. Na6+ Ka7 41. b8Q+ Qxb8 42. Nxb8 Rxb8 43. Qd4+ Ka6 44. Qxe3 Bg6 45. Qc5 Be8 46. Ra1 Bd7 47. h4 h5 48. Kh2 Rb5 49. Qd6 Rb7 50. Kg3 Be8 51. Qd8 Bd7 52. Kf4 1-0

[Event "Czechia KP-chTB 0607"]
[Site "Czech Republic"]
[Date "2007.02.18"]
[Round "8.8"]
[White "Forman, Miroslav"]
[Black "Zima, Tomas"]
[Result "1-0"]
[WhiteElo "1953"]
[BlackElo "1802"]
[PlyCount "91"]
[EventDate "2006.10.29"]
[EventType "team"]
[EventRounds "11"]
[EventCountry "CZE"]
[SourceTitle "EXT 2008"]
[Source "ChessBase"]
[SourceDate "2007.11.25"]
[SourceVersion "1"]
[SourceVersionDate "2007.11.25"]
[SourceQuality "1"]
[WhiteTeam "Kostelec nad CL"]
[BlackTeam "Nymburk Sokol"]
[WhiteTeamCountry "CZE"]
[BlackTeamCountry "CZE"]

1. e4 c6 2. Nc3 Qc7 3. d4 d6 4. Be3 e5 5. f4 Nd7 6. Nf3 Ngf6 7. a4 Ng4 8. Bc1 Be7 9. Bc4 0-0 10. 0-0 exd4 11. Nxd4 Ngf6 12. Re1 Re8 13. a5 Bf8 14. Nb3 b5 15. Bd3 a6 16. Qf3 Bb7 17. g4 c5 18. g5 Nxe4 19. Bxe4 d5 20. Qg3 dxe4 21. Be3 Rad8 22. Rad1 Nb8 23. Qg4 Rxd1 24. Rxd1 c4 25. Bb6 Qc6 26. Nd4 Bc5 27. Kf1 Bxd4 28. Bxd4 e3 29. Ke2 b4 30. Na2 Qa4 31. Nxb4 Qxb4 32. Bc3 Qa4 33. Rc1 Be4 34. f5 Bxc2 35. Qd4 Bd3+ 36. Ke1 f6 37. Qd5+ Kf8 38. gxf6 gxf6 39. Qd6+ Kg8 40. Qxf6 Re7 41. Qxe7 Qd7 42. Qg5+ Kf7 43. Qg7+ Ke8 44. Qg8+ Ke7 45. f6+ Kd6 46. Qxb8+ 1-0

[Event "Czechia KP-chTB 0607"]
[Site "Czech Republic"]
[Date "2006.10.29"]
[Round "1.7"]
[White "Chomicky, Josef"]
[Black "Forman, Miroslav"]
[Result "0-1"]
[WhiteElo "1633"]
[BlackElo "1953"]
[PlyCount "80"]
[EventDate "2006.10.29"]
[EventType "team"]
[EventRounds "11"]
[EventCountry "CZE"]
[SourceTitle "EXT 2008"]
[Source "ChessBase"]
[SourceDate "2007.11.25"]
[SourceVersion "1"]
[SourceVersionDate "2007.11.25"]
[SourceQuality "1"]
[WhiteTeam "Benesov"]
[BlackTeam "Kostelec nad CL"]
[WhiteTeamCountry "CZE"]
[BlackTeamCountry "CZE"]

1. e4 Nc6 2. Nf3 d5 3. e5 Bg4 4. d4 f6 5. Bf4 g5 6. Bg3 f5 7. h3 Bh5 8. Be2 h6 9. Nc3 e6 10. a3 Nge7 11. b4 f4 12. Bh2 Nf5 13. Bb5 Kf7 14. Bxc6 bxc6 15. g3 a5 16. g4 axb4 17. Ne2 bxa3 18. gxh5 c5 19. 0-0 Rg8 20. Kh1 c4 21. c3 Qe8 22. Nc1 Kg7 23. Ng1 c5 24. Na2 Kh8 25. Rb1 Qc6 26. Qd2 Be7 27. Rfd1 Rgb8 28. Qc1 Rb3 29. Ne2 Rab8 30. Rxb3 cxb3 31. Qb1 Rb7 32. Nac1 c4 33. Ng1 Qe8 34. Rd2 Qxh5 35. Nce2 Qh4 36. Nc1 Ra7 37. Re2 f3 38. Bg3 fxe2 39. Ngxe2 Qe4+ 40. Qxe4 dxe4 0-1

[Event "Prague ProMoPro op"]
[Site "Prague"]
[Date "2005.09.23"]
[Round "9"]
[White "Forman, Miroslav"]
[Black "Blumel, Otto"]
[Result "1/2-1/2"]
[WhiteElo "2048"]
[BlackElo "2251"]
[PlyCount "59"]
[EventDate "2005.09.15"]
[EventType "swiss"]
[EventRounds "9"]
[EventCountry "CZE"]
[SourceTitle "CBM 108 Extra"]
[Source "ChessBase"]
[SourceDate "2005.11.04"]
[SourceVersion "1"]
[SourceVersionDate "2005.11.04"]
[SourceQuality "1"]

1. d4 d5 2. Bg5 Nf6 3. Nd2 Nbd7 4. Ngf3 g6 5. e3 Bg7 6. Bd3 0-0 7. Qe2 c5 8. c3 Qb6 9. Rb1 Re8 10. 0-0 e5 11. dxe5 Nxe5 12. Nxe5 Rxe5 13. Bxf6 Qxf6 14. f4 Re7 15. c4 dxc4 16. Nxc4 Qh4 17. Rbe1 b5 18. Ne5 Bxe5 19. fxe5 c4 20. Qf3 Bb7 21. Qf6 Qxf6 22. exf6 Rd7 23. Bc2 Kf8 24. Rd1 Rad8 25. g4 Rxd1 26. Rxd1 Rxd1+ 27. Bxd1 g5 28. Bc2 h6 29. Bf5 Ke8 30. Kf2 1/2-1/2

[Event "Klatovy op-A"]
[Site "Klatovy"]
[Date "2005.07.09"]
[Round "8"]
[White "Forman, Miroslav"]
[Black "Grill, Roman"]
[Result "1-0"]
[WhiteElo "2048"]
[BlackElo "2167"]
[PlyCount "59"]
[EventDate "2005.07.02"]
[EventType "swiss"]
[EventRounds "9"]
[EventCountry "CZE"]
[SourceTitle "CBM 107 Extra"]
[Source "ChessBase"]
[SourceDate "2005.09.01"]
[SourceVersion "1"]
[SourceVersionDate "2005.09.01"]
[SourceQuality "1"]

1. d4 Nf6 2. Bg5 g6 3. Bxf6 exf6 4. Nd2 Bg7 5. e3 0-0 6. Bd3 d6 7. Ne2 a5 8. 0-0 Na6 9. c3 Bd7 10. e4 c5 11. Kh1 cxd4 12. Nxd4 Qe8 13. Nc4 Nc5 14. Qf3 Nxd3 15. Qxd3 Ra6 16. f4 b5 17. Ne3 Qa8 18. Nd5 Qb7 19. f5 Re8 20. Rae1 Re5 21. Nf3 Rxd5 22. Qxd5 Qxd5 23. exd5 Bxf5 24. Re8+ Bf8 25. Nd4 Bd7 26. Rd8 Ra7 27. Re1 Kg7 28. Nc6 Bxc6 29. dxc6 Rc7 30. Ree8 1-0

[Event "Klatovy op-A"]
[Site "Klatovy"]
[Date "2004.07.08"]
[Round "6"]
[White "Vevera, Radek"]
[Black "Forman, Miroslav"]
[Result "0-1"]
[WhiteElo "1966"]
[BlackElo "2023"]
[PlyCount "64"]
[EventDate "2004.07.03"]
[EventType "swiss"]
[EventRounds "9"]
[EventCountry "CZE"]
[SourceTitle "CBM 101 Extra"]
[Source "ChessBase"]
[SourceDate "2004.09.01"]
[SourceVersion "2"]
[SourceVersionDate "2004.09.01"]
[SourceQuality "1"]

1. e4 c5 2. Nf3 e6 3. d4 cxd4 4. Nxd4 a6 5. Nc3 d6 6. Be2 Nf6 7. Be3 Be7 8. 0-0 0-0 9. f4 Qc7 10. Bf3 Nbd7 11. Qd2 Nb6 12. b3 Bd7 13. e5 dxe5 14. fxe5 Bb4 15. exf6 Bxc3 16. Qf2 Bxa1 17. fxg7 Rfd8 18. Bxb7 f5 19. Nxf5 exf5 20. Bf3 Rab8 21. Rxa1 Be6 22. a4 Qxg7 23. Rc1 Nd7 24. c4 Ne5 25. Be2 Nd3 26. Bxd3 Rxd3 27. Bf4 Rc8 28. Re1 Bd5 29. Be5 Qg6 30. b4 Re8 31. g3 Bxc4 32. a5 Rd1 0-1

[Event "Klatovy op-A"]
[Site "Klatovy"]
[Date "2004.07.06"]
[Round "4"]
[White "Kucera, Tomas"]
[Black "Forman, Miroslav"]
[Result "0-1"]
[WhiteElo "2058"]
[BlackElo "2023"]
[PlyCount "48"]
[EventDate "2004.07.03"]
[EventType "swiss"]
[EventRounds "9"]
[EventCountry "CZE"]
[SourceTitle "CBM 101 Extra"]
[Source "ChessBase"]
[SourceDate "2004.09.01"]
[SourceVersion "2"]
[SourceVersionDate "2004.09.01"]
[SourceQuality "1"]

1. e4 c5 2. Nf3 e6 3. d4 cxd4 4. Nxd4 a6 5. Nc3 d6 6. Bc4 Nf6 7. Bb3 Nc6 8. Be3 Be7 9. f4 0-0 10. Qf3 Qc7 11. 0-0 Nxd4 12. Bxd4 b5 13. g4 e5 14. Nd5 Nxd5 15. Bxd5 Rb8 16. fxe5 dxe5 17. Bxf7+ Kh8 18. Qc3 Qd7 19. Bxe5 Qxg4+ 20. Qg3 Bc5+ 21. Kg2 Qxe4+ 22. Rf3 Rxf7 23. Bxb8 Qe2+ 24. Kh1 Bb7 0-1

[Event "Klatovy op-A"]
[Site "Klatovy"]
[Date "2004.07.05"]
[Round "3"]
[White "Forman, Miroslav"]
[Black "Kratochvil, Jakub"]
[Result "0-1"]
[WhiteElo "2023"]
[BlackElo "2024"]
[PlyCount "102"]
[EventDate "2004.07.03"]
[EventType "swiss"]
[EventRounds "9"]
[EventCountry "CZE"]
[SourceTitle "CBM 101 Extra"]
[Source "ChessBase"]
[SourceDate "2004.09.01"]
[SourceVersion "2"]
[SourceVersionDate "2004.09.01"]
[SourceQuality "1"]

1. d4 Nf6 2. Bg5 c5 3. dxc5 Ne4 4. Bh4 Qa5+ 5. c3 Qxc5 6. Nd2 Nxd2 7. Qxd2 g6 8. e4 Bg7 9. f4 d6 10. Nf3 Nd7 11. Bd3 b6 12. Bf2 Qc7 13. 0-0 0-0 14. Bd4 Bb7 15. Bxg7 Kxg7 16. Nd4 Nc5 17. Rae1 Rad8 18. f5 Nd7 19. Re3 Nf6 20. Rh3 Ng8 21. Qg5 Bc8 22. Ba6 h6 23. Qg4 Bd7 24. Bb5 Bc8 25. Ba6 Bd7 26. Bb5 Bc8 27. Qh4 Qc5 28. b4 Qe5 29. Bc4 Bd7 30. fxg6 fxg6 31. Nf5+ Bxf5 32. exf5 Rxf5 33. Re1 Qf6 34. Bxg8 Qxh4 35. Rxh4 Kxg8 36. Rxh6 Kg7 37. Rh3 e5 38. c4 Rf4 39. Ra3 Rd7 40. Rc3 Kf6 41. a3 Rc7 42. Rf1 Rxf1+ 43. Kxf1 e4 44. Ke2 Ke5 45. c5 bxc5 46. bxc5 Rxc5 47. Rxc5+ dxc5 48. Ke3 c4 49. g4 g5 50. h3 a6 51. a4 a5 0-1